书目信息 |
| 题名: |
草根非政府组织扶助弱势群体功能探究
|
|
| 作者: | 杜倩萍 著 | |
| 分册: | ||
| 出版信息: | 北京 社会科学文献出版社 2012 |
|
| 页数: | 251页 | |
| 开本: | 24cm | |
| 丛书名: | ||
| 单 册: | ||
| 中图分类: | D632.1 | |
| 科图分类: | ||
| 主题词: | 非政府组织--社会救济--研究--中国 , 非政府组织 , 社会救济 | |
| 电子资源: | ||
| ISBN: | 978-7-5097-4003-3 | |
| 000 | 01312nam0 22002771 450 | |
| 001 | 523 | |
| 005 | 20140905100634.12 | |
| 010 | @a978-7-5097-4003-3@dCNY59.00 | |
| 100 | @a20130408d2012 em y0chiy50 ea | |
| 101 | 0 | @achi@deng |
| 102 | @aCN@b110000 | |
| 105 | @ay z 000yy | |
| 106 | @ar | |
| 200 | 1 | @a草根非政府组织扶助弱势群体功能探究@ACao Gen Fei Zheng Fu Zu Zhi Fu Zhu Ruo Shi Qun Ti Gong Neng Tan Jiu@dCase studies on soclal functions of non-governmental organizations to assist vulnerable groups@f杜倩萍著@FDu Qian Ping Zhu@zeng |
| 210 | @a北京@c社会科学文献出版社@d2012 | |
| 215 | @a251页@d24cm | |
| 300 | @a中央民族大学“985工程” 中国当代民族问题战略研究哲学社会科学创新基地 | |
| 330 | @a本书以北京瓷娃娃罕见病关爱中心及成骨不全症患者为主要案例,从人类学、社会学等角度,以理想及实际文化模式为主线,运用社会结构分层、公民社会、参与式发展等相关理论,结合国情实例,借鉴国内外成功经验,对草根非政府组织扶助弱势群体之功能的各个方面进行深入探讨。 | |
| 510 | 1 | @aCase studies on soclal functions of non-governmental organizations to assist vulnerable groups@zeng |
| 606 | 0 | @a非政府组织@x社会救济@x研究@y中国 |
| 606 | 0 | @a非政府组织 |
| 606 | 0 | @a社会救济 |
| 690 | @aD632.1@v5 | |
| 701 | 0 | @a杜倩萍@ADu Qian Ping@4著 |
| 801 | 0 | @aCN@bTANGWEI@c20140603 |
| 905 | @b0836556-58@dD632.1@e202@f3 | |
| 草根非政府组织扶助弱势群体功能探究=Case studies on soclal functions of non-governmental organizations to assist vulnerable groups/杜倩萍著.-北京:社会科学文献出版社,2012 |
| 251页;24cm |
| 中央民族大学“985工程” 中国当代民族问题战略研究哲学社会科学创新基地 |
| ISBN 978-7-5097-4003-3:CNY59.00 |
| 本书以北京瓷娃娃罕见病关爱中心及成骨不全症患者为主要案例,从人类学、社会学等角度,以理想及实际文化模式为主线,运用社会结构分层、公民社会、参与式发展等相关理论,结合国情实例,借鉴国内外成功经验,对草根非政府组织扶助弱势群体之功能的各个方面进行深入探讨。 |
| ● |
| 相关链接 |
|
|
|
|
正题名:草根非政府组织扶助弱势群体功能探究
索取号:D632.1/202
 
预约/预借
| 序号 | 登录号 | 条形码 | 馆藏地/架位号 | 状态 | 备注 |
| 1 | 0836556 | 208365561 | 第一样本阅览室/ [索取号:D632.1/202] | 在馆 | |
| 2 | 0836557 | 208365570 | 第一借阅区/ [索取号:D632.1/202] | 在馆 | |
| 3 | 0836558 | 208365589 | 密集书库-史法系/ [索取号:D632.1/202] | 在馆 |